000 00489nam a2200181 a 4500
001 1770460530295
003 YourLibrary
005 20260207160835.0
008 260207s2006##################000#0#eng##
020 _a9780849340475
082 0 4 _a306.42
_bWEL
100 1 _aWells, Jonathan CK,
_eauthor.
245 1 0 _aSocial Information Transmission and Human Biology :
260 _bCRC Press,
_c2006.
650 0 _aScience.
942 _cENGLISH
040 _aYourLibrary
_beng
_cYourLibrary
999 _c611227
_d611227